El animador: cómo organizar las actividades de los clientes en un hotel divertido (Registro nro. 11327)
[ vista simple ]
| 000 -CABECERA | |
|---|---|
| campo de control de longitud fija | 01522nam a22004817a 4500 |
| 005 - FECHA Y HORA DE ACTUALIZACIÓN | |
| campo de control | 20190116120026.0 |
| 008 - LONGITUD FIJA | |
| campo de control de longitud fija | 181114b xxu||||| |||| 00| 0 spa d |
| 020 ## - INTERNATIONAL STANDARD BOOK NUMBER | |
| Número Internacional Estándar del Libro | 978841678366 |
| 041 ## - IDIOMA | |
| Código de idioma del texto/pista de sonido o título separado | |
| 082 ## - CLASIFICACIÓN DECIMAL DEWEY | |
| Número de clasificación | 1.0.3 C512a2 |
| 100 ## - AUTOR PERSONAL | |
| Nombre de persona | Chaves y Lechuga, Antonio |
| 100 ## - AUTOR PERSONAL | |
| Nombre de persona | Mesalles Canals, Lluís |
| 100 ## - AUTOR PERSONAL | |
| Nombre de persona | Canudas, Sandra |
| 100 ## - AUTOR PERSONAL | |
| Nombre de persona | Marchi, Marcelo |
| 100 ## - AUTOR PERSONAL | |
| Nombre de persona | Abreu Hernández, Pedro Pablo |
| 245 ## - TÍTULO PROPIAMENTE DICHO | |
| Título | El animador: cómo organizar las actividades de los clientes en un hotel divertido |
| 260 ## - PIE DE IMPRENTA | |
| Lugar de publicación, distribución, etc. | España |
| 260 ## - PIE DE IMPRENTA | |
| Nombre del editor, distribuidor, etc. | Zaertes |
| 260 ## - PIE DE IMPRENTA | |
| Fecha de publicación, distribución, etc. | 2017 |
| 300 ## - DESCRIPCIÓN FÍSICA | |
| Extensión | 256 páginas |
| 650 ## - Materia General | |
| Materia general | ANIMACIÓN TURÍSTICA |
| 650 ## - Materia General | |
| Materia general | ATENCIÓN AL CLIENTE |
| 650 ## - Materia General | |
| Materia general | ACTIVIDADES DE ANIMACIÓN |
| 650 ## - Materia General | |
| Materia general | SATISFACCIÓN DEL CLIENTE |
| 650 ## - Materia General | |
| Materia general | CONTACTO SOCIAL |
| 650 ## - Materia General | |
| Materia general | GASTRONOMÍA |
| 650 ## - Materia General | |
| Materia general | CULTURA |
| 650 ## - Materia General | |
| Materia general | JUEGOS |
| 650 ## - Materia General | |
| Materia general | ACTIVIDADES DEPORTIVAS |
| 650 ## - Materia General | |
| Materia general | ESPECTÁCULOS |
| 650 ## - Materia General | |
| Materia general | FIESTAS |
| 650 ## - Materia General | |
| Materia general | PÚBLICO INFANTIL |
| 650 ## - Materia General | |
| Materia general | FIESTAS NACIONALES |
| 650 ## - Materia General | |
| Materia general | PROMOCIÓN DE SERVICIOS |
| 650 ## - Materia General | |
| Materia general | ANIMACIÓN DE GRUPOS |
| 650 ## - Materia General | |
| Materia general | PRIMEROS AUXILIOS |
| 650 ## - Materia General | |
| Materia general | GESTIÓN EMPRESARIAL |
| 650 ## - Materia General | |
| Materia general | RECURSOS HUMANOS |
| 650 ## - Materia General | |
| Materia general | TRABAJO EN EQUIPO |
| 650 ## - Materia General | |
| Materia general | RECURSOS ECONÓMICOS |
| 650 ## - Materia General | |
| Materia general | SITUACIONES DE EMERGENCIAS |
| 942 ## - Punto de Acceso Adicional Koha | |
| Tipo de ítem Koha | Libro |
| Estado perdido | Estado dañado | No para préstamo | Biblioteca permanente | Biblioteca actual | Signatura completa | Código de barras | Precio efectivo a partir del | Tipo de ítem |
|---|---|---|---|---|---|---|---|---|
| Departamento de Biblioteca y Documentación Alfonso Chase Brenes | Departamento de Biblioteca y Documentación Alfonso Chase Brenes | 1.0.3 C512a2 | 23704 | 14/11/2018 | Libro | |||
| Departamento de Biblioteca y Documentación Alfonso Chase Brenes | Departamento de Biblioteca y Documentación Alfonso Chase Brenes | 1.0.3 C512a2 | 24323 | 22/05/2019 | Libro |